Schweizer Kantone in allen 4 Landessprachen - Statistiken

Allgemein
  • Dieses Quiz wurde 71 mal gespielt
  • Das Durchschnittsergebnis liegt bei 49 aus 104
Antwortstatistiken
Referenz Kanton (DE, FR, IT, RM) % Korrekt
AG Aargau
97%
BE Bern
87%
LU Luzern
82%
NW Nidwald
82%
SZ Schwyz
82%
UR Uri
82%
ZH Zürich
82%
ZH Zurich
82%
FR Freiburg
80%
GE Genf
80%
GR Graubünden
80%
OW Obwald
80%
SG Saint-Gall
80%
SH Schaffhausen
80%
ZG Zug
80%
AI Appenzell Innerrhoden
78%
BS Basel-Stadt
78%
GL Glarus
78%
SO Solothurn
78%
TI Tessin
78%
JU Jura
77%
NW Nidwalden
77%
VS Wallis
77%
BE Berne
75%
FR Fribourg
75%
FR Friburg
75%
GE Genève
75%
NE Neuenburg
75%
OW Obwalden
75%
TG Thurgau
75%
AR Appenzell Ausserrhoden
73%
NE Neuchâtel
73%
LU Lucerne
72%
SG Sankt Gallen
70%
VD Waadt
70%
BL Basel-Landschaft
68%
TI Ticino
67%
VS Vallais
63%
BE Berna
62%
VS Valais
60%
VD Vaud
58%
AG Argovia
47%
BS Bâle-Ville
47%
ZH Zurigo
43%
LU Lucerna
40%
AG Argovie
38%
GR Grisons
38%
SH Schaffhouse
37%
ZG Zoug
37%
TG Thurgovie
32%
ZG Zugo
30%
FR Friburgo
28%
GR Grischun
28%
SO Soleure
27%
GL Glaris
25%
SG San Gallo
22%
GE Ginevra
20%
TG Turgovia
20%
BL Bâle-Campagne
18%
SZ Schwytz
18%
BS Basilea Città
17%
SO Soloturn
17%
VD Vad
17%
SZ Sviz
15%
BL Basilea Campagna
13%
GE Genevra
13%
JU Giura
13%
SH Sciaffusa
12%
NW Nidvaldo
10%
OW Obvaldo
10%
SO Soletta
10%
GR Grigioni
8%
VS Vallese
8%
AR Appenzell Rhodes-Extérieures
7%
AI Appenzell Rhodes-Intérieures
7%
SZ Svitto
7%
ZH Turitg
5%
AI Appenzello Interno
3%
BL Basilea-Champagna
3%
GL Glarona
3%
GL Glaruna
3%
AR Appenzello Esterno
2%
BS Basilea-Citad
2%
SH Schaffusa
2%
OW Sursilvania
2%
NW Sutsilvania
2%
AI Appenzell Dadens
0%
AR Appenzell Dadora
0%
SG Son Gagl
0%
Keine übereinstimmenden Quizze gefunden
Verteilung der Resultate
Anzahl Personen mit jedem Resultat
Perzentil nach korrekt beantworteten Fragen
Ihre Resultats-Entwicklung
Sie haben dieses Quiz noch nicht gespielt